Football par lettre - M - Statistiques

Statistiques générales
  • Ce quiz a été pris 312 fois
  • Le résultat moyen est 14 sur 20
Statistiques - réponses
Hint Réponse % Correct
Ville des Skyblues et des Red devils Manchester
99%
Gerd et Thomas ____ sont des légendes du Bayern Müller
99%
Joueur qui a brisé l'hégémonie de CR7 et de Messi au palmarès du Ballon d'or Luka Modric
98%
Seule équipe africaine en demi de CDM Maroc
95%
Joueur qui a eu la carrière suivante : Metz, Salzburg, Southampton, Liverpool, Bayern, Al Nassr Sadio Mané
92%
Il a fait dégoupiller Zidane en 2006 Marco Materazzi
91%
Pays étranger qui joue en Ligue 1 Monaco
91%
Charo, selon Niska Blaise Matuidi
87%
Ile de l'Atlantique où Cristiano Ronaldo a vu le jour Madere
83%
A Dortmund, il est jaune Mur
83%
Club finaliste de la LDC 1979, qui a formé Zlatan Ibrahimovic Malmö FF
79%
Joueur croate qui a qualifié son pays pour la finale de la CDM 2018 en marquant durant les prolongations Mario Mandzukic
78%
Surnom gourmand des joueurs du Real, lié à la couleur de leur maillot Merengue
72%
Eliaquim ou Orel Mangala
67%
Klopp et Tuchel ont commencé leurs carrières de coach dans ce club Mayence
52%
Ballon d'or allemand des années 1990 Lothar Matthäus
49%
Ce joueur préfère qu'on l'appelle par son prénom, qui est inspiré d'une ville américaine Memphis
48%
Les Espagnols l'appellent "centrocampista" Milieu de terrain
39%
Club africain "tout puissant" Tout Puissant Mazembe
27%
Il a tellement marqué les anglais au poste de numero 6 que ces derniers l'appellent la _______ position Claude Makelele
17%
Aucun quiz correspondant
Distribution des résultats
% des personnes avec chaque résultat
Percentile par nombre de réponses
Votre historique - résultats
Vous n’avez pas pris ce quiz